| Поле | Инд. | ПП | Название | Значение |
|---|---|---|---|---|
| Тип записи | a | |||
| Библиографический уровень | b | |||
| 001 | Контрольный номер | RU/IS/BASE/164211887 | ||
| 005 | Дата корректировки | 20210111131724.5 | ||
| 008 | Кодируемые данные | 20050315 | ||
| 084 | a | Индекс другой классификации/Индекс ББК | 88.9; 60.953.7; 60.999 | |
| 100 | 1_ | a | Автор | Саленко Н. О. |
| 245 | 10 | a | Заглавие | Опыт оказания социальной поддержки гражданам, попавшим в трудную жизненную ситуацию, на базе социальной гостиницы Калининского района Краснодарского края |
| 520 | 0_ | a | Аннотация | Табл.: Программа деятельности социальной гостиницы. Схем.: О коллегиальности планирования работы с клиентом; Взаимодействие с учреждениями и организациями при оказании социальной поддержки клиентам социальной гостиницы. Диагр.: Категории клиентов социальной гостиницы. |
| 650 | 04 | a | Основная рубрика | практическая психология (прикладная психология) |
| a | Основная рубрика | психология | ||
| a | Основная рубрика | социальная работа | ||
| 653 | 0_ | a | Ключевые слова | коррекционно-реабилитационная работа |
| a | Ключевые слова | Краснодарский край | ||
| a | Ключевые слова | посттравматический стресс | ||
| a | Ключевые слова | психосоциальная поддержка | ||
| a | Ключевые слова | реабилитационные центры | ||
| a | Ключевые слова | регионы России | ||
| a | Ключевые слова | Россия | ||
| a | Ключевые слова | социальная гостиница | ||
| a | Ключевые слова | социальные программы | ||
| 773 | 18 | t | Заглавие источника | Вестник психосоциальной и коррекционно-реабилитационной работы |
| d | Дата издания источника | 2005 | ||
| g | Прочая информация | № 1. - С. 62 - 82 : табл., схем., диагр. | ||
| w | Контрольный № источника | RU/IS/BASE/163695030 | ||
| 901 | t | Тип документа | b |